• 首页
  • 本馆介绍
  • 公告通知
  • 最新文献
  • 馆藏检索
  • 电子资源
  • 读者导购
  • 参考咨询
  • 我的图书馆
  • 登录
  • 详细信息显示
  • 放入我的书架
  • 预约/预借图书
  • 作者相关作品
  • 分类相关作品
  • 丛书相关作品
  • 出版社相关作品

书目信息

  • 表格格式
  • 工作单格式
  • 卡片格式
题名:
工业分析化学
    
 
作者: 罗明标 , 张燮 主编
分册:  
出版信息: 北京   化学工业出版社  2020.05
页数: 321页
开本: 26cm
丛书名:
单 册:
中图分类: TQ014
科图分类:
主题词: 工业化学--gong ye hua xue--分析化学--高等学校--教材
电子资源:
ISBN: 978-7-122-32236-4
000 01233nam0 2200277 450
001 2033504194
005 20201122095826.77
010    @a978-7-122-32236-4@dCNY49.00
100    @a20181129d2020 em y0chiy50 ea
101 0  @achi
102    @aCN@b110000
105    @aa z 000yy
106    @ar
200 1  @a工业分析化学@9gong ye fen xi hua xue@f罗明标, 张燮主编
205    @a3版
210    @a北京@c化学工业出版社@d2020.05
215    @a321页@c图@d26cm
300    @a高等教育规划教材
307    @a实际页数为:322
330    @a本书以“试样采集制备、试样预处理、测定”为主线,以工业分析的主要领域为范畴建立完整的学科体系,集理论性、技术性与知识性于一体,体现学科的系统性和科学性。书中内容以国内外成熟的理论、技术和方法为重点,适当反映工业分析学科的最新理论、方法、技术,使教材经典而不失先进性。全书包括:绪论、固体试样的分解、分离和富集、岩石全分析、核燃料分析、稀土元素及贵金属分析、金属材料分析、化工产品分析、水质分析、食品分析、工业原料及产品的进出口检验概论、过程分析化学等内容。
606 0  @a工业化学@9gong ye hua xue@x分析化学@x高等学校@j教材
690    @aTQ014@v5
701  0 @a罗明标@9luo ming biao@4主编
701  0 @a张燮@9zhang xie@4主编
801  0 @aCN@bBJSZM@c20201120
905    @b1244848-51@dTQ014@e567=3@f4
    
    工业分析化学/罗明标, 张燮主编.-3版.-北京:化学工业出版社,2020.05
    321页:图;26cm
    高等教育规划教材
    
    ISBN 978-7-122-32236-4:CNY49.00
    本书以“试样采集制备、试样预处理、测定”为主线,以工业分析的主要领域为范畴建立完整的学科体系,集理论性、技术性与知识性于一体,体现学科的系统性和科学性。书中内容以国内外成熟的理论、技术和方法为重点,适当反映工业分析学科的最新理论、方法、技术,使教材经典而不失先进性。全书包括:绪论、固体试样的分解、分离和富集、岩石全分析、核燃料分析、稀土元素及贵金属分析、金属材料分析、化工产品分析、水质分析、食品分析、工业原料及产品的进出口检验概论、过程分析化学等内容。
●
相关链接 在E读中查询图书 在五车中查询图书 在当当中查询图书 在豆瓣中查询图书


正题名:工业分析化学     索取号:TQ014/567=3         预约/预借

序号 登录号 条形码 馆藏地/架位号 状态 备注
1 1244848   212448485   第二样本阅览室/ [索取号:TQ014/567=3] 在馆    
2 1244849   212448494   第三借阅区/ [索取号:TQ014/567=3] 在馆    
3 1244850   212448500   第三借阅区/ [索取号:TQ014/567=3] 在馆    
4 1244851   212448519   第三借阅区/ [索取号:TQ014/567=3] 在馆    
唐山师范学院图书馆 欢迎您!
大连网信软件有限公司© 版权所有